| 000 | 01113cad a22002415a 4500 | ||
|---|---|---|---|
| 001 | L150690 | ||
| 008 | 100817s2010 xxkd f s 000 0 eng d | ||
| 035 | _a(Sirsi) u150690 | ||
| 041 | 0 | _aeng | |
| 050 | 0 | 4 | _a338.4569 $2 18 |
| 110 | 2 |
_aNorthumbria University _bSchool of the Built Environment _95649 |
|
| 245 | 0 | 0 |
_aState of trade report _b2010, quarter 2 _h[electronic resource] |
| 260 |
_aLondon _bNational Specialist Contractors Council _c2010 |
||
| 490 | 0 |
_aNSCC State of Trade Report _vSecond Quarter 2010 |
|
| 520 | _aPresents the results of the state of the trade survey of the second quarter of 2010; based on surveys with specialist trades within the construction industry in the UK; economic analysis illustrated with charts; problem of late payment is worsening. | ||
| 521 | _aAdvanced | ||
| 590 | _aKA NTK | ||
| 650 | 2 | 4 | _aNATIONAL SPECIALIST CONTRACTORS COUNCIL STATE OF TRADE REPORT |
| 651 | 4 |
_aUnited Kingdom _y |
|
| 690 | _aBUILT ENVIRONMENT-CONSTRUCTION MARKET | ||
| 856 | 4 | 0 |
_uhttps://www.nscc.org.uk/documents/Q2Report.pdf _zView the item free of charge at www.nscc.org.uk |
| 942 | _n0 | ||
| 999 |
_c110946 _d110946 |
||